| 000 | 00628cam a2200217 i 4500 | ||
|---|---|---|---|
| 001 | 2722914 | ||
| 005 | 20180223080047.0 | ||
| 008 | 771027s1978 moua b 001 0 eng | ||
| 010 | _a 77083947 | ||
| 020 |
_a0882435183 : _c$10.95 |
||
| 040 |
_aDLC _cDLC _dDLC |
||
| 041 | _aeng | ||
| 080 | _a419 lot | ||
| 082 | 0 | 0 |
_a419 lot _219 |
| 100 | 1 | _a24 | |
| 101 | _agju | ||
| 245 | 1 | 4 |
_aThe joy of signing : _cLottie L. Riekehof. |
| 504 | _aBibliography: p. 325-326. | ||
| 906 |
_a7 _bcbc _corignew _d1 _eopcn _f19 _gy-gencatlg |
||
| 942 |
_2ddc _cBK |
||
| 999 |
_c43281 _d43281 |
||